| 000 | 00840pam a2200277 a 4500 | ||
|---|---|---|---|
| 001 | 30690 | ||
| 003 | BD-RjUL | ||
| 005 | 20211209051613.0 | ||
| 008 | 140410t1989 nyua 000 0 eng d | ||
| 020 | _a0131283804 | ||
| 035 | _a(BD-RjUL)30777 | ||
| 040 |
_aDLC _cDLC _dDLC _dBD-RjUL _beng |
||
| 041 | _aeng | ||
| 082 | 0 | 0 |
_a133.6 _219 _bCHP 1989 |
| 100 | 0 |
_aCheiro, _d1866-1936. _993229 |
|
| 245 | 1 | 0 |
_a palmistry for all : _b a practical work on the study of the lines of the hand / _cby Cheiro. |
| 260 |
_aBombay : _bTaraporevala son & co, _c1989. |
||
| 300 |
_a143 p. : _bill. ; _c22 cm. |
||
| 500 | _aReprint. Previously published: New York : Arco. 1982. | ||
| 650 | 0 |
_aPalmistry. _993230 |
|
| 740 | 0 | _aPalmistry for all. | |
| 942 |
_2ddc _cBK |
||
| 999 |
_c30690 _d30690 |
||